| 000 | 00656nam a22002177a 4500 | ||
|---|---|---|---|
| 003 | OSt | ||
| 005 | 20140310182350.0 | ||
| 008 | 130928t xxu||||| |||| 00| 0 eng d | ||
| 020 | _a9780545119597 | ||
| 020 | _a0545119596 | ||
| 050 |
_aQL 88.3 _b.W947 2009 |
||
| 082 |
_aGS 001.944 _bW93 2009 |
||
| 100 |
_aWright, John D. _922114 |
||
| 245 |
_aCryptids : _band other creepy creatures / _cJohn D. Wright |
||
| 260 |
_aNew York : _bTangerine Press, _c2009. |
||
| 300 |
_a96 p. : _bcol. : ill. ; _c22 cm. |
||
| 541 | _j1 | ||
| 650 |
_aMonsters _xJuvenile literature _922115 |
||
| 650 |
_aImaginary creatures. _922116 |
||
| 942 |
_2lcc _cBK-GS _kGS |
||
| 999 |
_c12329 _d12329 |
||